Využitie vlastností klasifikovaného mračna bodov leteckého laserového skenovania na monitorovanie a klasifikáciu biotopov

Na minha lista:
Detalhes bibliográficos
Autor principal: Ondrušová, Júlia (Author)
Outros Autores: Kollár, Michal (Thesis advisor)
Formato: Manuscrito Livro
Idioma:eslovaco
Publicado em: 2025
Assuntos:
Acesso em linha:http://is.stuba.sk/zp/portal_zp.pl?podrobnosti=174680
CRZP
Tags: Adicionar Tag
Sem tags, seja o primeiro a adicionar uma tag!

MARC

LEADER 00000ntm a22000003a 4500
001 stuzp106005
003 SK-STU
005 20250729144144.9
007 ta
008 150427s2015----xo-----f-mn---000-0-slo-d
040 |a STU  |b slo 
041 0 |a slo 
100 1 |a Ondrušová, Júlia  |u 010220  |4 aut  |U SvF Stavebná fakulta  |T SvF Katedra matematiky a deskriptívnej geometrie  |X 120213  |U V220  |Y 23  |7 120213 
242 0 1 |a Utilizing the features of a classified point cloud from aerial laser scanning for the monitoring and classification of habitats  |y eng 
245 1 0 |a Využitie vlastností klasifikovaného mračna bodov leteckého laserového skenovania na monitorovanie a klasifikáciu biotopov 
260 |c 2025 
650 4 |a klasifikované mračno bodov  |2 slo 
650 4 |a digitálny model reliéfu  |2 slo 
650 4 |a Laplaceova rovnica  |2 slo 
650 4 |a lineárna difúzia  |2 slo 
650 4 |a výškova mapa vegetácie  |2 slo 
650 4 |a classified point cloud  |2 eng 
650 4 |a digital terrain model  |2 eng 
650 4 |a Laplace's equation  |2 eng 
650 4 |a linear diffusion  |2 eng 
650 4 |a vegetation height map  |2 eng 
700 1 |a Kollár, Michal  |u 010220  |k Z2  |4 ths  |U SvF Stavebná fakulta  |T SvF Katedra matematiky a deskriptívnej geometrie  |X 67743  |U V220  |Y 23  |7 A000067743 
856 4 |u http://is.stuba.sk/zp/portal_zp.pl?podrobnosti=174680 
856 4 |u https://opac.crzp.sk/?fn=detailBiblioForm&sid=EE8AF2E76B4BE2A868AAC993824A  |z CRZP